[Event "OL 2018 Women"]
[Site "Batumi"]
[Date "2018.10.01"]
[Round "7.1"]
[White "Repkova, Eva"]
[Black "Guindy, Esmat Susanne"]
[Result "1-0"]
[WhiteElo "2288"]
[BlackElo "2157"]
[PlyCount "72"]
[EventDate "2018.??.??"]
[EventCountry "GEO"]
[WhiteTeam "Slovakia"]
[BlackTeam "Denmark"]
[WhiteTeamCountry "SVK"]
[BlackTeamCountry "DEN"]

1. d4 d5 2. Bf4 Bf5 3. e3 c6 4. c4 e6 5. Qb3 Qb6 6. c5 Qxb3 7. axb3 Nd7 8. Nf3
Ngf6 9. h3 Be7 10. Nc3 O-O 11. b4 a6 12. Nd2 Rac8 13. Nb3 Bd8 14. Bd6 Re8 15.
Na5 Bxa5 16. bxa5 e5 17. O-O-O exd4 18. exd4 h5 19. f3 Re6 20. g4 Bh7 21. Be2
Nf8 22. Rh2 Rce8 23. f4 Rxe2 24. Rxe2 Rxe2 25. Nxe2 hxg4 26. hxg4 Nxg4 27. Ng3
Nf2 28. Rd2 Ne4 29. Rg2 Nxg3 30. Rxg3 Bf5 31. Kd2 f6 32. Rb3 Bc8 33. Re3 Bd7
34. Re7 g5 35. fxg5 fxg5 36. Ke3 g4 1-0

[Event "OL 2018 Women"]
[Site "Batumi"]
[Date "2018.10.01"]
[Round "7.2"]
[White "Kryger, Oksana"]
[Black "Cibickova, Zuzana"]
[Result "0-1"]
[WhiteElo "2137"]
[BlackElo "2268"]
[PlyCount "72"]
[EventDate "2018.??.??"]
[EventCountry "GEO"]
[WhiteTeam "Denmark"]
[BlackTeam "Slovakia"]
[WhiteTeamCountry "DEN"]
[BlackTeamCountry "SVK"]

1. d4 d5 2. c4 c6 3. cxd5 cxd5 4. Nf3 Nc6 5. Nc3 Nf6 6. Bf4 Bf5 7. e3 e6 8. Qb3
Bb4 9. Ne5 Qb6 10. Be2 Ne4 11. Nxc6 bxc6 12. f3 Nxc3 13. bxc3 Be7 14. O-O h5
15. Rfc1 g5 16. Bg3 h4 17. Bf2 Rb8 18. Qa4 O-O 19. c4 Qb2 20. Kf1 Qa3 21. Qd1
Rb2 22. cxd5 cxd5 23. Rc6 a5 24. Rac1 Rfb8 25. R6c3 Qxa2 26. Be1 Rb1 27. Bd3
Rxc1 28. Rxc1 Bxd3+ 29. Qxd3 Rb2 30. e4 h3 31. exd5 Rxg2 32. Qe3 Qxd5 33. Rc8+
Kg7 34. Bg3 Qb5+ 35. Ke1 Bb4+ 36. Kd1 Qa4+ 0-1

[Event "OL 2018 Women"]
[Site "Batumi"]
[Date "2018.10.01"]
[Round "7.3"]
[White "Motycakova, Monika"]
[Black "Nilssen, Ellen Fredericia"]
[Result "1/2-1/2"]
[WhiteElo "2198"]
[BlackElo "2101"]
[PlyCount "72"]
[EventDate "2018.??.??"]
[EventCountry "GEO"]
[WhiteTeam "Slovakia"]
[BlackTeam "Denmark"]
[WhiteTeamCountry "SVK"]
[BlackTeamCountry "DEN"]

1. e4 e6 2. d4 d5 3. Nd2 c5 4. exd5 exd5 5. Ngf3 Nc6 6. Bb5 cxd4 7. Nxd4 Bd7 8.
Qe2+ Be7 9. N2b3 Nf6 10. O-O O-O 11. Bf4 Re8 12. Qf3 Qb6 13. Nxc6 bxc6 14. Bd3
a5 15. Rab1 c5 16. c4 d4 17. Rfe1 Be6 18. Nd2 Qa6 19. h3 Nd7 20. Re2 Nf8 21.
Rbe1 Ra7 22. Ne4 Rc8 23. b3 a4 24. Ng5 Bxg5 25. Bxg5 axb3 26. axb3 Rb8 27. Bc2
Qb7 28. Qd3 Rba8 29. h4 Ra1 30. h5 h6 31. Bc1 Qc7 32. Qf3 Qd7 33. Re5 R8a2 34.
Bd3 Qd6 35. R5e2 Qa6 36. Re5 Qd6 1/2-1/2

[Event "OL 2018 Women"]
[Site "Batumi"]
[Date "2018.10.01"]
[Round "7.4"]
[White "Fredericia, Louise Winther"]
[Black "Ferkova, Dominika"]
[Result "0-1"]
[WhiteElo "2060"]
[BlackElo "2060"]
[PlyCount "70"]
[EventDate "2018.??.??"]
[EventCountry "GEO"]
[WhiteTeam "Denmark"]
[BlackTeam "Slovakia"]
[WhiteTeamCountry "DEN"]
[BlackTeamCountry "SVK"]

1. e4 c6 2. d4 d5 3. e5 Bf5 4. h4 h5 5. Bd3 Bxd3 6. Qxd3 e6 7. Bg5 Qb6 8. Nd2
Be7 9. Ngf3 Nd7 10. O-O Bxg5 11. Nxg5 Ne7 12. c4 Nf5 13. Ndf3 O-O 14. c5 Qd8
15. g4 hxg4 16. Nh2 g6 17. Nxg4 Kg7 18. Ne3 Nxh4 19. f4 Rh8 20. Kf2 Qe7 21. Rg1
f6 22. Nf3 fxe5 23. Nxe5 Nxe5 24. dxe5 Raf8 25. Rg4 Nf5 26. Rag1 Rh6 27. b4 Qf7
28. Nxf5+ Qxf5 29. Qxf5 Rxf5 30. R1g3 Rfh5 31. Kg2 Rh2+ 32. Kg1 Rxa2 33. Rg5
Kf7 34. f5 exf5 35. e6+ Kf6 0-1

[Event "OL 2018 Women"]
[Site "Batumi"]
[Date "2018.10.02"]
[Round "8.1"]
[White "Bejatovic, Bojana"]
[Black "Guindy, Esmat Susanne"]
[Result "1/2-1/2"]
[WhiteElo "2057"]
[BlackElo "2157"]
[PlyCount "87"]
[EventDate "2018.??.??"]
[EventCountry "GEO"]
[WhiteTeam "Macedonia"]
[BlackTeam "Denmark"]
[WhiteTeamCountry "MKD"]
[BlackTeamCountry "DEN"]

1. d4 d5 2. Bf4 Bf5 3. e3 e6 4. Nd2 Nf6 5. Ngf3 Nbd7 6. Be2 h6 7. h3 Bd6 8. Ne5
Qe7 9. O-O Ne4 10. c4 Bxe5 11. dxe5 c6 12. Nb3 dxc4 13. Na5 Nb6 14. Nxc4 Nxc4
15. Bxc4 Rd8 16. Qc1 O-O 17. f3 Nd2 18. e4 Qc5+ 19. Rf2 Nxc4 20. b3 g5 21. Bg3
Bg6 22. Qxc4 Qb6 23. Qc2 Qd4 24. Rc1 h5 25. Qc5 Qxc5 26. Rxc5 Rd3 27. Rfc2 g4
28. R5c3 Rfd8 29. Bh4 Rxc3 30. Rxc3 Rd2 31. a4 Kf8 32. Bg5 Rd1+ 33. Kf2 gxh3
34. gxh3 Ke8 35. Ke2 Rd7 36. b4 a6 37. b5 axb5 38. axb5 Rc7 39. bxc6 Rxc6 40.
Rxc6 bxc6 41. Kd3 Kd7 42. Kc4 Kc8 43. Kc5 Kd7 44. h4 1/2-1/2

[Event "OL 2018 Women"]
[Site "Batumi"]
[Date "2018.10.02"]
[Round "8.2"]
[White "Vasova, Maria"]
[Black "Stojkovska, Monika"]
[Result "0-1"]
[WhiteElo "2143"]
[BlackElo "2106"]
[PlyCount "72"]
[EventDate "2018.??.??"]
[EventCountry "GEO"]
[WhiteTeam "Denmark"]
[BlackTeam "Macedonia"]
[WhiteTeamCountry "DEN"]
[BlackTeamCountry "MKD"]

1. e4 e6 2. d4 d5 3. Nd2 Nc6 4. Ngf3 Nf6 5. e5 Nd7 6. Bd3 Nb4 7. Be2 c5 8. c3
Nc6 9. Nf1 Qb6 10. Ne3 cxd4 11. cxd4 Bb4+ 12. Kf1 O-O 13. Qb3 a5 14. Nc2 a4 15.
Qe3 Be7 16. h4 f6 17. exf6 Nxf6 18. Ng5 e5 19. dxe5 Bc5 20. Qc3 Ng4 21. Qd3
Rxf2+ 22. Ke1 g6 23. Qxd5+ Kg7 24. Ne4 Nb4 25. Qd2 Nxc2+ 26. Qxc2 Bb4+ 27. Bd2
Rxg2 28. h5 Bf5 29. h6+ Kh8 30. Bc3 Bxc3+ 31. Qxc3 Rc8 32. Qf3 Ne3 33. Nd6 Qxb2
34. Nxc8 Qxa1+ 35. Kd2 Qd4+ 36. Ke1 Qc3# 0-1

[Event "OL 2018 Women"]
[Site "Batumi"]
[Date "2018.10.02"]
[Round "8.3"]
[White "Koskoska, Gabriela"]
[Black "Kryger, Oksana"]
[Result "1-0"]
[WhiteElo "2026"]
[BlackElo "2137"]
[PlyCount "87"]
[EventDate "2018.??.??"]
[EventCountry "GEO"]
[WhiteTeam "Macedonia"]
[BlackTeam "Denmark"]
[WhiteTeamCountry "MKD"]
[BlackTeamCountry "DEN"]

1. e4 e6 2. d4 d5 3. exd5 exd5 4. Nf3 Bd6 5. c4 Nf6 6. c5 Be7 7. Qa4+ c6 8. Bd3
Qc7 9. h3 Nbd7 10. Nc3 O-O 11. O-O Re8 12. Re1 Nf8 13. Bg5 Be6 14. Ne5 Nh5 15.
Bd2 f6 16. Nf3 Nf4 17. Bf1 g5 18. Qc2 Bf7 19. Bxf4 Qxf4 20. Ne2 Qe4 21. Qb3
Rab8 22. Ng3 Qf4 23. Bd3 Be6 24. Nh5 Qc7 25. Qc2 Qd7 26. Bxh7+ Kh8 27. Bg6 Red8
28. Ng3 b6 29. b4 bxc5 30. bxc5 Rb7 31. Bf5 Rdb8 32. h4 Bxf5 33. Nxf5 Bd8 34.
hxg5 fxg5 35. Ne5 Qh7 36. Re3 Ng6 37. Nxc6 Bc7 38. Rh3 Nh4 39. Nxb8 Rxb8 40. g3
Qd7 41. gxh4 g4 42. Re3 Rf8 43. Re7 Qxf5 44. Qxf5 1-0

[Event "OL 2018 Women"]
[Site "Batumi"]
[Date "2018.10.02"]
[Round "8.4"]
[White "Nilssen, Ellen Fredericia"]
[Black "Petrovska, Katerina"]
[Result "1/2-1/2"]
[WhiteElo "2101"]
[BlackElo "1966"]
[PlyCount "82"]
[EventDate "2018.??.??"]
[EventCountry "GEO"]
[WhiteTeam "Denmark"]
[BlackTeam "Macedonia"]
[WhiteTeamCountry "DEN"]
[BlackTeamCountry "MKD"]

1. d4 d5 2. c4 e6 3. Nc3 c5 4. e3 Nf6 5. Nf3 Be7 6. dxc5 Bxc5 7. a3 dxc4 8.
Qxd8+ Kxd8 9. Bxc4 a6 10. b4 Ba7 11. a4 Nbd7 12. Ba3 Ke7 13. Ke2 a5 14. Rhb1
axb4 15. Bxb4+ Bc5 16. Nd4 b6 17. Bxc5+ bxc5 18. Nc6+ Kd6 19. Na7 Ne5 20. Nxc8+
Rhxc8 21. Bb5 Nc6 22. Rb2 Na5 23. f4 Nd5 24. Rd1 f5 25. Nxd5 exd5 26. Rbd2 d4
27. exd4 c4 28. d5 Ra7 29. Ke3 Re7+ 30. Kf2 c3 31. Rc2 Re4 32. Rd3 Rxf4+ 33.
Kg1 Rc5 34. Rcxc3 Rxc3 35. Rxc3 Kxd5 36. g3 Rg4 37. Kf2 h5 38. h3 Rb4 39. Kf3
g5 40. Be8 h4 41. gxh4 Rxh4 1/2-1/2

[Event "OL 2018 Women"]
[Site "Batumi"]
[Date "2018.10.03"]
[Round "9.1"]
[White "Guindy, Esmat Susanne"]
[Black "Ahmad Murad, Fatema Alzahraa."]
[Result "1-0"]
[WhiteElo "2157"]
[BlackElo "1649"]
[PlyCount "67"]
[EventDate "2018.??.??"]
[EventCountry "GEO"]
[WhiteTeam "Denmark"]
[BlackTeam "Syria"]
[WhiteTeamCountry "DEN"]
[BlackTeamCountry "SYR"]

1. c4 c5 2. g3 Nf6 3. Bg2 d5 4. cxd5 Nxd5 5. Nc3 Nc7 6. Nf3 Nc6 7. O-O e5 8. d3
f6 9. Qb3 Rb8 10. Ng5 fxg5 11. Bxc6+ bxc6 12. Qxb8 Be7 13. Ne4 O-O 14. Be3 Nd5
15. Rac1 Qa5 16. Bd2 Qd8 17. Bc3 Qe8 18. Qxe5 Qf7 19. Bd2 Bh3 20. Rfd1 h6 21.
Be1 Ne3 22. Rd2 Ng4 23. Qc7 Nxh2 24. Kxh2 Qh5 25. Kg1 Bf1 26. Qxc6 g4 27. Nc3
Bg5 28. Qd5+ Kh7 29. Kxf1 Rf3 30. Qe4+ Kg8 31. Kg1 Bxd2 32. Bxd2 Rf5 33. Bf4
Qf7 34. Qc4 1-0

[Event "OL 2018 Women"]
[Site "Batumi"]
[Date "2018.10.03"]
[Round "9.2"]
[White "Alkaseer, Roaa."]
[Black "Vasova, Maria"]
[Result "0-1"]
[WhiteElo "1708"]
[BlackElo "2143"]
[PlyCount "66"]
[EventDate "2018.??.??"]
[EventCountry "GEO"]
[WhiteTeam "Syria"]
[BlackTeam "Denmark"]
[WhiteTeamCountry "SYR"]
[BlackTeamCountry "DEN"]

1. e4 c6 2. d4 d5 3. Nc3 g6 4. h3 Bg7 5. Nf3 dxe4 6. Nxe4 Nd7 7. Bd3 Ngf6 8.
Nxf6+ Nxf6 9. O-O O-O 10. Re1 Qc7 11. Qe2 Re8 12. Ne5 Be6 13. Bd2 Rad8 14. c3
a5 15. Bf4 Nd5 16. Bg3 Qc8 17. h4 Nf6 18. Nc4 Bxc4 19. Bxc4 b5 20. Bb3 h5 21.
Be5 Ng4 22. Bxg7 Kxg7 23. Qf3 e6 24. Re4 a4 25. Bc2 Rd5 26. Rae1 c5 27. Rf4 f5
28. dxc5 Qxc5 29. Rb4 Rd2 30. Re2 Red8 31. Rxg4 hxg4 32. Rxd2 Rxd2 33. Qb7+ Kf6
0-1

[Event "OL 2018 Women"]
[Site "Batumi"]
[Date "2018.10.03"]
[Round "9.3"]
[White "Nilssen, Ellen Fredericia"]
[Black "Mahmoud, Roula"]
[Result "1-0"]
[WhiteElo "2101"]
[BlackElo "1795"]
[PlyCount "89"]
[EventDate "2018.??.??"]
[EventCountry "GEO"]
[WhiteTeam "Denmark"]
[BlackTeam "Syria"]
[WhiteTeamCountry "DEN"]
[BlackTeamCountry "SYR"]

1. d4 Nf6 2. c4 g6 3. Nc3 Bg7 4. e4 d6 5. Be2 O-O 6. Bg5 c6 7. Qd2 a6 8. Nf3 b5
9. e5 b4 10. exf6 bxc3 11. bxc3 exf6 12. Bf4 Re8 13. O-O a5 14. Rfe1 Ra7 15. c5
Bf8 16. c4 Ba6 17. cxd6 Bxd6 18. Bxd6 Qxd6 19. Qxa5 Rae7 20. Bf1 Kg7 21. Rxe7
Rxe7 22. c5 Qf4 23. Bxa6 Ra7 24. Qd2 Qxd2 25. Nxd2 Nxa6 26. a4 Nb4 27. a5 f5
28. Kf1 Kf6 29. Nf3 h6 30. Rb1 Nd5 31. Ne5 Ra6 32. Rb6 Nxb6 33. cxb6 Rxa5 34.
b7 Rb5 35. b8=Q Rxb8 36. Nd7+ Ke6 37. Nxb8 Kd5 38. Ke2 Kxd4 39. Nxc6+ Kd5 40.
Nd8 f6 41. Ke3 g5 42. g3 Ke5 43. Nf7+ Ke6 44. Nxh6 g4 45. Kf4 1-0

[Event "OL 2018 Women"]
[Site "Batumi"]
[Date "2018.10.03"]
[Round "9.4"]
[White "Khalil, Manar"]
[Black "Fredericia, Louise Winther"]
[Result "0-1"]
[WhiteElo "1797"]
[BlackElo "2060"]
[PlyCount "77"]
[EventDate "2018.??.??"]
[EventCountry "GEO"]
[WhiteTeam "Syria"]
[BlackTeam "Denmark"]
[WhiteTeamCountry "SYR"]
[BlackTeamCountry "DEN"]

1. e4 c5 2. Nf3 Nc6 3. d4 cxd4 4. Nxd4 g6 5. Nc3 Bg7 6. Be3 Nf6 7. Be2 O-O 8.
O-O d5 9. Nxc6 bxc6 10. e5 Nd7 11. f4 f6 12. Nxd5 fxe5 13. Nb4 Qc7 14. Qd2 Rb8
15. c3 Rd8 16. Qd3 Nb6 17. Qc2 Nd5 18. Bc4 Kh8 19. Bxd5 cxd5 20. Qa4 a5 21.
Nxd5 Qd7 22. Nb6 Qd3 23. Bf2 Bb7 24. Rab1 Qf5 25. fxe5 Be4 26. Rbd1 Qg4 27. Bg3
Rxd1 28. Rxd1 Qe2 29. Bf2 Bc2 30. Re1 Qxe1+ 31. Bxe1 Bxa4 32. Nxa4 Bxe5 33. g3
Rd8 34. Kf2 Rd1 35. Ke2 Ra1 36. a3 Kg7 37. Nc5 Kf6 38. Nd3 Ke6 39. Kd2 0-1

[Event "OL 2018 Women"]
[Site "Batumi"]
[Date "2018.10.04"]
[Round "10.1"]
[White "Vasova, Maria"]
[Black "Coimbra, Margarida"]
[Result "1-0"]
[WhiteElo "2143"]
[BlackElo "2068"]
[PlyCount "81"]
[EventDate "2018.??.??"]
[EventCountry "GEO"]
[WhiteTeam "Denmark"]
[BlackTeam "Portugal"]
[WhiteTeamCountry "DEN"]
[BlackTeamCountry "POR"]

1. e4 e5 2. Nf3 Nc6 3. Bc4 Bc5 4. d3 Nf6 5. Bb3 d6 6. c3 a6 7. O-O Ba7 8. Nbd2
O-O 9. Re1 Be6 10. h3 Re8 11. Nf1 h6 12. Ng3 d5 13. Qe2 dxe4 14. dxe4 Bxb3 15.
axb3 Qd6 16. Nf5 Qe6 17. b4 Ne7 18. N3h4 Nxf5 19. Nxf5 Bb6 20. Qf3 Kh7 21. g4
Ng8 22. Kg2 g6 23. Ng3 Qf6 24. Qe2 Rad8 25. c4 Bd4 26. c5 Rd7 27. Ra3 Red8 28.
Rf1 Re8 29. h4 Qxh4 30. Rh1 Qe7 31. Bxh6 Nxh6 32. Qd2 Qf8 33. g5 Rdd8 34. Rxh6+
Kg7 35. Nf5+ gxf5 36. Rah3 Qg8 37. exf5 e4 38. g6 Kf6 39. Qf4 Be5 40. g7+ Kxg7
41. Rg3+ 1-0

[Event "OL 2018 Women"]
[Site "Batumi"]
[Date "2018.10.04"]
[Round "10.2"]
[White "Jorge, Rita Maria Osorio"]
[Black "Kryger, Oksana"]
[Result "1/2-1/2"]
[WhiteElo "1870"]
[BlackElo "2137"]
[PlyCount "152"]
[EventDate "2018.??.??"]
[EventCountry "GEO"]
[WhiteTeam "Portugal"]
[BlackTeam "Denmark"]
[WhiteTeamCountry "POR"]
[BlackTeamCountry "DEN"]

1. e4 e6 2. d4 d5 3. Nd2 dxe4 4. Nxe4 Bd7 5. Nf3 Bc6 6. Bd3 Nd7 7. O-O Ngf6 8.
Ng3 g6 9. Re1 Bg7 10. c3 O-O 11. h4 h6 12. Bc2 Re8 13. Qd3 Bxf3 14. Qxf3 c6 15.
Bd2 a5 16. Rad1 Qb6 17. b3 Rad8 18. c4 Qa6 19. Bf4 b5 20. c5 Nd5 21. Ne4 Qa7
22. Nd6 Re7 23. Be4 N7f6 24. Bxd5 Nxd5 25. h5 Nxf4 26. Qxf4 g5 27. Qe4 Qc7 28.
Qe3 Red7 29. Rd2 Bf8 30. Ne4 Be7 31. Red1 Kg7 32. Ng3 Qf4 33. Qxf4 gxf4 34. Ne4
Rd5 35. g4 fxg3 36. Nxg3 Bf6 37. Ne2 Rxh5 38. Nf4 Rf5 39. Ne2 Rfd5 40. f4 Be7
41. Nc3 R5d7 42. Ne4 f5 43. Rg2+ Kh7 44. Nd6 Bxd6 45. cxd6 Rxd6 46. Rc1 Rg8 47.
Rxg8 Kxg8 48. Kg2 Kf7 49. Kf3 Rxd4 50. Rxc6 Rd2 51. Rc5 Rd3+ 52. Ke2 Rd5 53.
Rc7+ Kg6 54. Re7 Rd6 55. Rb7 b4 56. Ra7 Rd4 57. Ke3 Re4+ 58. Kf3 e5 59. Ra6+
Kg7 60. fxe5 Rxe5 61. Kf4 Rd5 62. Ra7+ Kf6 63. Ra6+ Kg7 64. Ra7+ Kf6 65. Ra6+
Ke7 66. Rxh6 Rd2 67. Kxf5 Rxa2 68. Ke4 Ra3 69. Ra6 Kd7 70. Kd4 Kc7 71. Kc4 Kb7
72. Rh6 Ra1 73. Kb5 Kc7 74. Ra6 Ra3 75. Rxa5 Rxb3 76. Ra4 Kd6 1/2-1/2

[Event "OL 2018 Women"]
[Site "Batumi"]
[Date "2018.10.04"]
[Round "10.3"]
[White "Nilssen, Ellen Fredericia"]
[Black "Silva, Mariana Sofia T."]
[Result "1/2-1/2"]
[WhiteElo "2101"]
[BlackElo "1924"]
[PlyCount "65"]
[EventDate "2018.??.??"]
[EventCountry "GEO"]
[WhiteTeam "Denmark"]
[BlackTeam "Portugal"]
[WhiteTeamCountry "DEN"]
[BlackTeamCountry "POR"]

1. d4 Nf6 2. c4 e6 3. Nf3 b6 4. a3 Bb7 5. Nc3 d5 6. cxd5 Nxd5 7. e4 Nxc3 8.
bxc3 Bxe4 9. Ne5 Bd6 10. Qg4 Bg6 11. Bb5+ Kf8 12. O-O c6 13. Nxc6 Nxc6 14. Bxc6
Rc8 15. Bb5 Bf5 16. Qf3 Qh4 17. g3 Qe4 18. Qxe4 Bxe4 19. Bd2 Bb7 20. f4 g6 21.
Rfc1 Kg7 22. c4 Rhd8 23. Be3 Be7 24. Rc2 Bf6 25. Rd1 Be7 26. Bc1 Kg8 27. Ba4
Be4 28. Rc3 Rc7 29. Be3 Bf6 30. Rcc1 Be7 31. Rc3 Bf6 32. Rcc1 Be7 33. Rc3
1/2-1/2

[Event "OL 2018 Women"]
[Site "Batumi"]
[Date "2018.10.04"]
[Round "10.4"]
[White "Silva, Ana Ines Teixeira D"]
[Black "Fredericia, Louise Winther"]
[Result "1-0"]
[WhiteElo "1890"]
[BlackElo "2060"]
[PlyCount "109"]
[EventDate "2018.??.??"]
[EventCountry "GEO"]
[WhiteTeam "Portugal"]
[BlackTeam "Denmark"]
[WhiteTeamCountry "POR"]
[BlackTeamCountry "DEN"]

1. e4 c5 2. Nc3 Nc6 3. g3 g6 4. Bg2 Bg7 5. d3 d6 6. f4 e6 7. Nf3 Nge7 8. O-O
O-O 9. Be3 b6 10. Bf2 Ba6 11. Re1 Rc8 12. Qd2 Qc7 13. a4 Nd4 14. Rad1 Rfd8 15.
Ne2 Nec6 16. c3 Nxe2+ 17. Qxe2 d5 18. e5 c4 19. d4 Rb8 20. b4 b5 21. a5 Bf8 22.
g4 Nxb4 23. cxb4 Bxb4 24. Bh4 Bxe1 25. Qxe1 c3 26. Bf6 Qxa5 27. Qh4 Kf8 28.
Qxh7 Ke8 29. Ng5 Rb7 30. Qg8+ Kd7 31. Qxf7+ Kc8 32. Qxe6+ Rdd7 33. Qc6+ Kb8 34.
e6 Rbc7 35. exd7 Rxc6 36. d8=Q+ Qxd8 37. Bxd8 b4 38. Bxd5 c2 39. Rc1 Rd6 40.
Rxc2 Rxd8 41. Be4 Rxd4 42. Bxg6 Rxf4 43. Bf5 b3 44. Rb2 Bc4 45. h4 a5 46. h5 a4
47. h6 Rf1+ 48. Kg2 Rd1 49. h7 Rd8 50. Be6 Bxe6 51. Nxe6 Rh8 52. Nc5 Rxh7 53.
Nxa4 Kc7 54. Rxb3 Kd6 55. Re3 1-0

[Event "OL 2018 Women"]
[Site "Batumi"]
[Date "2018.10.05"]
[Round "11.1"]
[White "Liu, Yang Hazel"]
[Black "Guindy, Esmat Susanne"]
[Result "1/2-1/2"]
[WhiteElo "2064"]
[BlackElo "2157"]
[PlyCount "82"]
[EventDate "2018.??.??"]
[EventCountry "GEO"]
[WhiteTeam "SGP"]
[BlackTeam "Denmark"]
[BlackTeamCountry "DEN"]

1. d4 d5 2. Bg5 Nf6 3. c4 e6 4. Nc3 Be7 5. Nf3 O-O 6. e3 Ne4 7. Bxe7 Qxe7 8.
Bd3 f5 9. Qc2 c5 10. cxd5 Nxc3 11. Qxc3 cxd4 12. Nxd4 exd5 13. O-O Be6 14. Rac1
Nd7 15. Qc7 Rab8 16. Bb5 Rfd8 17. Qf4 Qf6 18. Rc7 Nf8 19. Qf3 Qe5 20. Qg3 Qxg3
21. hxg3 a6 22. Ba4 g6 23. Rfc1 Bf7 24. Re7 b5 25. Bb3 Rd7 26. Rxd7 Nxd7 27.
Rc7 Nb6 28. Ra7 Ra8 29. Rxa8+ Nxa8 30. a4 bxa4 31. Bxa4 Nb6 32. Bc6 Kf8 33. Kf1
Ke7 34. Bb7 Na4 35. b4 Kd6 36. Bxa6 Be8 37. Ke1 Nc3 38. Kd2 Ne4+ 39. Ke1 Nc3
40. Kd2 Ne4+ 41. Ke1 Nc3 1/2-1/2

[Event "OL 2018 Women"]
[Site "Batumi"]
[Date "2018.10.05"]
[Round "11.2"]
[White "Vasova, Maria"]
[Black "Hng, Mei-En Emmanuelle"]
[Result "1/2-1/2"]
[WhiteElo "2143"]
[BlackElo "2020"]
[PlyCount "119"]
[EventDate "2018.??.??"]
[EventCountry "GEO"]
[WhiteTeam "Denmark"]
[BlackTeam "SGP"]
[WhiteTeamCountry "DEN"]

1. e4 c5 2. Nf3 e6 3. d4 cxd4 4. Nxd4 a6 5. Bd3 Bc5 6. Nb3 Ba7 7. O-O Nc6 8. c4
Nf6 9. Nc3 Qc7 10. Qe2 h5 11. Kh1 Ng4 12. f4 d6 13. Nd1 Bd7 14. Ne3 Nf6 15. Bd2
a5 16. Bc3 a4 17. Nd2 Qb6 18. Nd5 exd5 19. exd5+ Kf8 20. dxc6 Re8 21. Qd1 Bxc6
22. Bf5 Qc5 23. Bh3 Rh6 24. b4 Qe3 25. Bxf6 Rxf6 26. b5 Be4 27. Nxe4 Rxe4 28.
Qxh5 Kg8 29. f5 Bd4 30. Rad1 Be5 31. c5 Qxc5 32. Qf3 d5 33. Rfe1 Rd6 34. Qf1
Rxe1 35. Rxe1 f6 36. Rc1 Bc3 37. Qf3 d4 38. Qxb7 Rd8 39. Bg4 d3 40. Bh5 Qxf5
41. g4 d2 42. Rd1 Qc2 43. g5 Qxa2 44. Bf3 Qf7 45. Qc6 Be5 46. g6 Qxg6 47. Bd5+
Kh8 48. Rxd2 a3 49. Be4 Qe8 50. Rd3 Kg8 51. Qxe8+ Rxe8 52. Rxa3 Rb8 53. Ra8 Kf8
54. Kg2 Rxa8 55. Bxa8 g5 56. h3 Ke7 57. Kf3 Kd6 58. Bc6 Kc7 59. Ke4 Kb6 60. Bd7
1/2-1/2

[Event "OL 2018 Women"]
[Site "Batumi"]
[Date "2018.10.05"]
[Round "11.3"]
[White "Siew, Kai Xin"]
[Black "Kryger, Oksana"]
[Result "1/2-1/2"]
[WhiteElo "1751"]
[BlackElo "2137"]
[PlyCount "64"]
[EventDate "2018.??.??"]
[EventCountry "GEO"]
[WhiteTeam "SGP"]
[BlackTeam "Denmark"]
[BlackTeamCountry "DEN"]

1. d4 d5 2. c4 dxc4 3. Nf3 Nf6 4. e3 e6 5. Bxc4 c5 6. Nc3 a6 7. a4 Nc6 8. O-O
Be7 9. Qe2 O-O 10. Rd1 Qc7 11. Bd2 Rd8 12. Be1 cxd4 13. exd4 Nb4 14. Rac1 Qd6
15. Ne4 Nxe4 16. Qxe4 Nd5 17. Bd2 Bd7 18. a5 Bc6 19. Ne5 Nf6 20. Qe2 Bd5 21.
Bxd5 Qxd5 22. Nf3 Rac8 23. h3 h6 24. Qe1 Qb5 25. b4 Nd5 26. Rb1 Rc4 27. Rdc1
Rdc8 28. Rxc4 Rxc4 29. Qe4 Bxb4 30. Ne5 Nc3 31. Bxc3 Rxc3 32. d5 Qc5 1/2-1/2

[Event "OL 2018 Women"]
[Site "Batumi"]
[Date "2018.10.05"]
[Round "11.4"]
[White "Fredericia, Louise Winther"]
[Black "Hng, Mei-Xian Eunice"]
[Result "0-1"]
[WhiteElo "2060"]
[BlackElo "1687"]
[PlyCount "92"]
[EventDate "2018.??.??"]
[EventCountry "GEO"]
[WhiteTeam "Denmark"]
[BlackTeam "SGP"]
[WhiteTeamCountry "DEN"]

1. e4 c5 2. Nc3 e6 3. g3 d5 4. Bg2 Nf6 5. d3 Be7 6. e5 Nfd7 7. f4 Nc6 8. Nf3
O-O 9. O-O f6 10. Qe2 a6 11. exf6 Nxf6 12. Bh3 Qd6 13. Re1 Nd4 14. Nxd4 cxd4
15. Nd1 Kf7 16. Nf2 Bd7 17. g4 g6 18. Bd2 Rae8 19. Qe5 Qb6 20. g5 Ng8 21. Ng4
Bd6 22. Qe2 Kg7 23. Ne5 Bc8 24. b3 Ne7 25. Rf1 Qc7 26. Be1 Nf5 27. Bf2 Qc3 28.
Rae1 Ne3 29. Bg3 Bxe5 30. fxe5 Nxf1 31. Rxf1 Rxf1+ 32. Bxf1 Bd7 33. Be1 Qb2 34.
Bb4 Qc1 35. h4 Qf4 36. Bc5 b6 37. Bxb6 Rf8 38. Bg2 Qxh4 39. Qd2 Rf5 40. Bd8 Rf4
41. Bf6+ Kf7 42. a4 Qg3 43. a5 Qe3+ 44. Qxe3 dxe3 45. Bf1 d4 46. Bd8 Bc6 0-1